Statistics for Harry Potter:The Battle of the Seven Potters

Click here to take the quiz!

General Stats

  • This quiz has been taken 158 times
  • The average score is 19 of 21

Answer Stats

Harry's% Correct
Ron Weasley
98%
Fred Weasley
97%
George Weasley
97%
Hermione Granger
97%
Broom
92%
Broom
92%
Broom
92%
Broom
92%
Harry Potter
92%
Nymphadora Tonks
92%
Bill Weasley
91%
Fleur Delacour
91%
Rubeus Hagrid
90%
Alastor Moody
88%
Arthur Weasley
85%
Mundungus Fletcher
85%
Remus Lupin
84%
Flying Motorbike
78%
Kingsley Shacklebolt
78%
Thestral
69%
Thestral
69%

Score Distribution

Percentile by Number Answered

Percent of People with Each Score

Your Score History

You have not taken this quiz